Responses for show #6888 - Wednesday, July 23, 2014

2014 Teen Tournament quarterfinal game 3.

Contestants

William Golden, a seventh grader from Houston, Texas

Eileen Bunch, a freshman from Fort Thomas, Kentucky

Nikki Airi, a junior from Worthington, Ohio

Jeopardy! Round responses

JULY
TAKING A VIDEO GAME BREAK
ONLY ONE
ICI ON PARLE FRANÇAIS
GOOD KNIGHT
SWEET PRINTS
    $200 16
(Eileen: What is a garnet?)

a ruby

NikkiEileen
    $200 6
Call of Duty

William
    $200 11
Ringo

Eileen
    $200 1
(William: What is you're welcome?)

very much

NikkiWilliam
    $200 21
Gawain

William
    $200 26
a lion

Nikki
    $400 17
Cancer

Triple Stumper
    $400 7
Flappy Bird

William
    $400 12
Suwannee

Nikki
    $400 2
au revoir

Nikki
    $400 22
George R.R. Martin

Nikki
    $400 27
(Nikki: What is a snake?)

a turtle

NikkiWilliam
    $600 18
Fireworks

William
    $600 8
(William: What is Candy Crush?)

Bejeweled Blitz

William
Triple Stumper
    $600 13
a wrench

Nikki
    $600 3
winter

Nikki
    $600 23
Moors

William
    $600 28
a polar bear

Triple Stumper
    $800 19
water lilies

Nikki
    $800 9
Portal

William
    $800 14
Belize

Nikki
    $800 4
noir

William
    $800 24
(Sir Arthur Conan) Doyle

William
    $800 30
a dingo

William
    $1000 20
a hot dog-eating contest

William
    $1000 10
(Nikki: What is Jetpack Joyride?)

Doodle Jump

NikkiEileen
    $1000 15
ramshorn

Triple Stumper
    $600 5
a one-way street

William
    $1000 25
Dragonlance

Triple Stumper
    $1000 29
an ostrich

Nikki

Scores at the first commercial break (after clue 15):

Nikki Eileen William
$2,000 $1,200 $2,000

Scores at the end of the Jeopardy! Round:

Nikki Eileen William
$4,200 $1,000 $6,400

Double Jeopardy! Round responses

10 YEARS AGO: 2004
HITS & MISSES
JOBS IN ART
MEASURE UP
EUROPEAN GEOGRAPHY
"CC" ME
    $400 4
the (Boston) Red Sox

William
    $400 17
Christina Aguilera

Nikki
    $400 1
murals

Nikki
    $400 26
the Earth & the Sun

William
    $400 2
Scandinavia

William
    $400 12
(Alex: Yeah. We'll accept that.)

accelerate

William
    $800 5
the European Union

Nikki
    $800 18
Lady Gaga

William
    $800 22
(Alex: That's our writer's fancy term for [*].)

Shepherds

Triple Stumper
    $800 27
a bale

William
    $800 3
Ukraine

William
    $800 13
the accordion

Nikki
    $2,000 9
(William: Who is John Kerry...& John McCain?)

John Kerry & John Edwards

William
    $1200 19
Madonna

William
    $1200 23
an alchemist

Nikki
    $1200 28
(Eileen: What is a knot?)

a chain

Eileen
Triple Stumper
    $1200 6
the Rhine & the Rhône

William
    $1200 14
a buccaneer

William
    $1600 10
hurricanes

Nikki
    $1600 20
(Christina) Perri

Nikki
    $1600 24
Vincent van Gogh

Eileen
    $1600 29
the span

Triple Stumper
    $1600 7
the Pyrenees

William
    $1600 15
soccer moms

William
    $2000 11
Haiti

William
    $2000 21
(Nikki: Who is Katy Perry?)

Sara Bareilles

NikkiWilliam
    $2000 25
a groom

Nikki
    $2000 30
(William: What are spans?)
...
(Alex: You're much too young to be going to the track and hoping your horses can do good times per [*].)

furlong

William
Triple Stumper
    $2,000 8
(William: What is Vatican City?)

San Marino

William
    $2000 16
a succubus

Triple Stumper

Scores at the end of the Double Jeopardy! Round:

Nikki Eileen William
$11,000 $1,400 $15,200

Final Jeopardy! Round responses

LITERARY HEROINES
EileenWho is Katniss Everdeen?
$1,399
NikkiWho is Li
$8,200
WilliamWho is Katniss Everdeen?
$1,000
Katniss Everdeen

Final scores:

Nikki Eileen William
$2,800 $2,799 $16,200
2nd place: $5,000 if eliminated 3rd place: $5,000 if eliminated Automatic semifinalist

Game dynamics:

Coryat scores:

Nikki Eileen William
$11,000 $1,400 $19,600
19 R,
3 W
3 R,
2 W
26 R
(including 1 DD),
5 W
(including 2 DDs)

Combined Coryat: $32,000

The J! Archive is created by fans, for fans. The Jeopardy! game show and all elements thereof, including but not limited to copyright and trademark thereto, are the property of Jeopardy Productions, Inc. and are protected under law. This website is not affiliated with, sponsored by, or operated by Jeopardy Productions, Inc. Join the discussion at JBoard.tv.